Managerial and Engineering Economy (Record no. 32223)

MARC details
000 -LEADER
fixed length control field 00473nam a2200193Ia 4500
020 ## - INTERNATIONAL STANDARD BOOK NUMBER
ISBN 0-442-24866-0
050 ## - CALL MARK
Classification number HD 58.5.T38
100 ## - STATEMENT OF RESPONSIBILITY--MAIN AUTHOR NAME
Personal name George A. Taylor
245 #0 - TITLE STATEMENT
Title Managerial and Engineering Economy
250 ## - EDITION / VOLUME STATEMENT
Edition / Volume statement Third Edition
260 ## - PUBLICATION, DISTRIBUTION, ETC. (IMPRINT)
Place of publication New York
260 ## - PUBLICATION, DISTRIBUTION, ETC. (IMPRINT)
Name of publisher D. Van Nostrand Company
260 ## - PUBLICATION, DISTRIBUTION, ETC. (IMPRINT)
Year of publication 1980
300 ## - PHYSICAL DESCRIPTION
Number of Pages 538 p
650 ## - SUBJECT ADDED ENTRY--TOPICAL TERM
Topical Term Rate-of-Return Table
942 ## - ADDED ENTRY ELEMENTS (KOHA)
Koha item type Books
Holdings
Withdrawn status Lost status Source of classification or shelving scheme Damaged status Not for loan Permanent Location Current Location Date acquired Accession Number Price effective from Koha item type
    Library of Congress Classification     NILE UNIVERSITY OF NIGERIA - MAIN LIBRARY NILE UNIVERSITY OF NIGERIA - MAIN LIBRARY 04/23/2025 0003363 04/23/2025 Books